Educar en el asombro : (Registro nro. 326373)

Detalles MARC
000 -ENCABEZADO
Número de control [NR] 01170nam a22002657a 4500
005 - FECHA Y HORA DE LA ÚLTIMA TRANSACCIÓN
control field 20260521123926.0
008 - DE LONGITUD FIJA DE DATOS DE ELEMENTOS - INFORMACIÓN GENERAL
Elementos de longitud fija [NR] 260507t2012 |||||||| |||| 00| 0 spa d
020 ## - NUMERO INTERNACIONAL NORMALIZADO PARA LIBROS [R]
Número Internacional Normalizado del libro [NR] 9788415577423
040 ## - FUENTE DE CATALOGACION [NR]
Agencia de catalogación original [NR] CO-BoUCM
Idioma de catalogación [NR] spa
Quien Cataloga Stefania Borbon
Quien Clasifica Stefania Borbon
041 ## - CODIGO DE IDIOMA [R]
Código de idioma para texto/pista de sonido o título separado [R] Español
100 1# - ASIENTO PRINCIPAL--NOMBRE PERSONAL [NR]
Nombre personal [NR] L'Ecuyer, Catherine
ID Autoridad 189119
245 ## - MENCION DE TITULO [NR]
Título [NR] Educar en el asombro :
Parte restante del título [NR] ¿cómo educar en un mundo frenético e hiperexigente? /
Mención de responsabilidad, etc. [NR] Catherine L'Ecuyer ; prólogo de Santiago Álvarez de Mon
250 ## - MENCION DE EDICION [NR]
Mención de edición [NR] 16a.Ed.
260 ## - PUBLICACION, DISTRIBUCION, ETC. (PIE DE IMPRENTA) [R]
Lugar de publicación, distribución, etc. [R] Barcelona :
Nombre del editor, distribuidor, etc. [R] Plataforma Editorial,
Fecha de publicación, distribución, etc. [R] 2015
300 ## - DESCRIPCION FISICA [R]
Extensión [R] 184 páginas
490 0# - MENCION DE SERIE [R]
Mención de serie [R] Plataforma Actual
504 ## - NOTA DE BIBLIOGRAFIA, ETC. [R]
Nota de bibliografía, etc. [NR] Incluye referencias bibliográficas
520 ## - NOTA DE RESUMEN, ETC. [R]
Nota de sumario, etc. [NR] Replantea el aprendizaje infantil como un viaje que nace desde el interior de la persona, cuestionando las crisis de atención actuales provocadas por entornos ruidosos y saturados de pantallas.
650 ## - ASIENTO SECUNDARIO DE MATERIA - TERMINO TEMATICO [R]
Término temático o nombre geográfico como elemento de entrada [NR] Psicología de la educación
9 (RLIN) 186181
650 ## - ASIENTO SECUNDARIO DE MATERIA - TERMINO TEMATICO [R]
Término temático o nombre geográfico como elemento de entrada [NR] Aptitud en los niños
9 (RLIN) 189120
650 ## - ASIENTO SECUNDARIO DE MATERIA - TERMINO TEMATICO [R]
Término temático o nombre geográfico como elemento de entrada [NR] Relaciones padres e hijos
9 (RLIN) 189104
700 ## - ASIENTO SECUNDARIO - NOMBRE PERSONAL [R]
Nombre personal [NR] Álvarez de Mon, Santiago,
Término de relación [R] prólogo
9 (RLIN) 189121
942 ## - ELEMENTOS DE ENTRADA AGREGADOS (KOHA)
Sistema de clasificación DEWEY
Tema principal Educación
Tipo de ítem principal el descrito en 300a Libro
Edición 16
Clasificación 370.15
Parte restante de la signatura top. L99
Existencias
Fecha de último préstamo Total préstamos Total Renewals Signatura topográfica Código de barras Prestado Última vez visto Ejemplar Costo de reposición Price effective from Tipo de ítem Perdido Sistema de clasificación Dañado No prestable Tipo de ítem específico Suprimido Ubicación habitual Ubicación actual Localización Fecha de creación Forma de adquisición
08/05/2026 1 1 370.15 L99 100175234 09/07/2026 08/05/2026 Ej.1 26000.00 07/05/2026 Libro   DEWEY     Libro   Claustro Claustro 2do piso 07/05/2026 Donación